Poe must die /

Saved in:
Bibliographic Details
Main Author: Olden, Marc
Format: Book
Language:English
Published: Middlesex : Hamlyn, 1978.
LEADER 00698nam a2200205 a 4500
001 c000259702
003 CARM
005 20070507105914.0
008 900122s1978 enk 000 1 eng d
019 1 |a 50070108  |5 LACONCORD2021 
020 |a 060037209x (pbk.) 
035 |a (OCoLC)16438267  |5 LACONCORD2021 
040 |a VCAV  |b eng  |c VCAV 
100 1 |a Olden, Marc. 
245 1 0 |a Poe must die /  |c Marc Olden. 
260 |a Middlesex :  |b Hamlyn,  |c 1978. 
300 |a 316 p. 
852 8 |b CARM  |h A1:AP35A0  |i A04241  |p 0374553  |f BK 
999 f f |i 4031300b-cc45-55fb-8d4b-a1e84c1267b5  |s 7c6af6fa-ef26-5549-b361-86015717226f 
952 f f |p Can circulate  |a CAVAL  |b CAVAL  |c CAVAL  |d CARM 1 Store  |e A04241  |f A1:AP35A0  |h Other scheme  |i book  |m 0374553